| 000 | 00445nam a2200181Ia 4500 | ||
|---|---|---|---|
| 001 | 23816 | ||
| 005 | 20260414151003.0 | ||
| 008 | 260414t2016||||xx |||||||||||||| ||spa|| | ||
| 041 | _aESP | ||
| 082 |
_a709.985 _bA18 |
||
| 100 |
_aAcevedo, Alejandra _eAUT |
||
| 245 | 0 |
_aCatálogo arquitectura movimiento moderno Perú _b |
|
| 260 | _c2016 | ||
| 300 |
_a454 páginas _c24 cm. |
||
| 650 | _aABD | ||
| 654 | _aCAU | ||
| 942 |
_cLIB _dJUS _fJUS _2ddc _n |
||
| 999 |
_c23816 _d23816 |
||